| 000 | 00461nam a2200169Ia 4500 | ||
|---|---|---|---|
| 008 | 230718s9999 xx 000 0 und d | ||
| 020 | _a9789350232644 | ||
| 041 | _aeng | ||
| 082 |
_a005.13'3 _bEUG |
||
| 100 |
_aEugene L.Y. _9176006 |
||
| 245 |
_aJava Script Testing _bBeginner's Guide |
||
| 260 |
_c2011 _bPackt Pub. |
||
| 300 | _a253 | ||
| 365 |
_cRs. _b350.00 |
||
| 700 |
_aEugene L.Y. _9176006 |
||
| 906 |
_dO:0161711-Mar-2011B:725021-Feb-2011 _cCOMP _b87.5 |
||
| 999 |
_c327445 _d327445 |
||